000 00643nam a2200193Ia 4500
003 GCL
008 140319s9999 xx 000 0 ara d
040 _aGCL /
_cGCL
082 0 4 _a158
_bع س
100 1 _aعبدالوهاب محمد كامل
245 1 0 _aسيكولوجية التعلم والفروق الفردية /
_cعبدالوهاب محمد كامل
260 _a[S.N] :
_bلجنة الاعلام والدراسات المستقبلية ،
_c1993
300 _a480 ص
490 _a
650 0 4 _aعلم النفس
650 0 4 _aعلم النفس التطبيقى
650 0 4 _aعلم نفس الفروق
942 _2ddc
_cBK
999 _c35257
_d35257